000
00271nam a2200121Ia 4500
008
190216s9999||||xx |||||||||||||| ||und||
100
_a
James Hemming
245
0
_a
Adventure At The Mill
260
_b
Longmans
_c
1961
300
_a
48p
650
_a
Speeches
942
_c
BK
999
_c
11796
_d
11796